The Cohen-Macaulay and Gorentein Rees Algebras Associated to filtrations
Αποθηκεύτηκε σε:
| Κύριος συγγραφέας: | |
|---|---|
| Άλλοι συγγραφείς: | |
| Μορφή: | Βιβλίο |
| Γλώσσα: | English |
| Δημοσίευση: |
Rhode island :
American Mathematical Society,
c1994
|
| Σειρά: | Memoirs of the American Mathematical Society ;
; 526 |
| Θέματα: | |
| Ετικέτες: |
Προσθήκη ετικέτας
Δεν υπάρχουν, Καταχωρήστε ετικέτα πρώτοι!
|
MARC
| LEADER | 00000nam a2200000 i 4500 | ||
|---|---|---|---|
| 001 | 1/48362 | ||
| 008 | 950727s1994 eng d | ||
| 020 | |a 0-8218-2584-4 | ||
| 035 | |1 ΕΛΗ |a 1995 |c ΚΕΧΑΓΙΑΣ |l 10043315 | ||
| 040 | |a GR-MY-UA |b gre |e aacr | ||
| 041 | 0 | |a eng | |
| 082 | 0 | |a 512.4 | |
| 100 | 1 | |a Goto, Shiro |d 1946- | |
| 245 | 1 | 4 | |a The Cohen-Macaulay and Gorentein Rees Algebras Associated to filtrations / |c Shiro Goto, Koji Nishida |
| 260 | |a Rhode island : |b American Mathematical Society, |c c1994 | ||
| 300 | |a 134 p.; |c 24 cm. | ||
| 490 | 1 | |a Memoirs of the American Mathematical Society |v ; 526 | |
| 504 | |a Includes bibliographical references | ||
| 650 | 0 | 0 | |a Cohen-Macaulay rings. |
| 650 | 0 | 0 | |a Gorenstein rings. |
| 650 | 0 | 0 | |a Homology theory. |
| 650 | 0 | 0 | |a Singularities (Mathematics) |
| 700 | 1 | |a Nishida, Koji |d 1960- | |
| 830 | 0 | |a Memoirs of the American Mathematical Society ; |v ; 526 | |
| 852 | |a INST |b SAMOS |e 19950727 |h 512.4 GOT |p 005300009875 |q 005300009875 |t BK |y 0 | ||
| 909 | |a Σ |b 041520 | ||